000
00277nam a2200109Ia 4500
008
220204s9999 xx 000 0 und d
082
_a
82-3
_b
CLA
245
0
_a
Time probe: The sciences in science fiction
260
_a
London
_b
Gollancz
_c
1972
700
_a
Arthur C
942
_c
BK
999
_c
24828
_d
24828